[Event "II Open La Meridiana"]
[Site "Perugia"]
[Date "2012.11.10"]
[Round "3"]
[White "Sperandio, Andrea"]
[Black "Procacci, Sergio"]
[Result "1/2-1/2"]
[WhiteElo "1859"]
[BlackElo "2015"]
[PlyCount "97"]
[EventDate "2012.11.09"]
[EventType "swiss"]
[EventCountry "ITA"]
[SourceDate "2005.09.12"]

1. e4 d6 2. d4 Nf6 3. Nc3 g6 4. Nf3 Bg7 5. h3 O-O 6. Be3 e5 7. dxe5 dxe5 8. Bc4
Qe7 9. a3 c6 10. O-O Be6 11. Qe2 Nbd7 12. Rad1 Bxc4 13. Qxc4 Nb6 14. Qe2 Rad8
15. b4 Qc7 16. a4 Nc8 17. Nd2 Rfe8 18. Nb3 Nd6 19. f3 h6 20. Bc5 b6 21. Be3 Nh5
22. Qf2 Nc4 23. Bc1 Nf4 24. Nd2 Nd6 25. Ne2 g5 26. Bb2 f5 27. Nxf4 gxf4 28. Qe2
Qf7 29. Bc3 Kh8 30. Rfe1 Bf6 31. Rb1 Qg7 32. Nc4 Nxc4 33. Qxc4 fxe4 34. Qxe4
Rd6 35. Rbd1 Rg8 36. Qe2 Re6 37. Rd2 e4 38. Bxf6 Qxf6 39. fxe4 f3 40. Qe3 Qh4
41. Rf1 Rxg2+ 42. Rxg2 fxg2 43. Rf4 Qg5 44. Qd4+ Kh7 45. Qd7+ Re7 46. Rf7+ Rxf7
47. Qxf7+ Kh8 48. Qf8+ Kh7 49. Qf7+ 1/2-1/2

[Event "II Open La Meridiana"]
[Site "Perugia"]
[Date "2012.11.10"]
[Round "3"]
[White "Tanasa, Remus"]
[Black "Cuppone, Damiano"]
[Result "1-0"]
[WhiteElo "2037"]
[BlackElo "1941"]
[PlyCount "133"]
[EventDate "2012.11.09"]
[EventType "swiss"]
[EventCountry "ITA"]
[SourceDate "2005.09.12"]

1. c4 g6 2. Nc3 Bg7 3. d4 Nf6 4. e4 d6 5. f3 O-O 6. Be3 e5 7. Nge2 c6 8. Qd2
Nbd7 9. h4 exd4 10. Nxd4 Ne5 11. O-O-O a6 12. Bh6 c5 13. Nc2 Be6 14. Bxg7 Kxg7
15. Ne3 b5 16. Qxd6 Qxd6 17. Rxd6 bxc4 18. f4 Neg4 19. Nxg4 Nxg4 20. Be2 Ne3
21. Bf3 Rfd8 22. Rxd8 Rxd8 23. Re1 Rd3 24. Na4 c3 25. Nxc3 Bg4 26. Bxg4 Nxg4
27. Nd1 Rg3 28. Re2 Nf6 29. Nc3 Rg4 30. Rf2 Nh5 31. Ne2 Ng3 32. Nxg3 Rxg3 33.
b3 Kh6 34. e5 Kh5 35. f5 Kxh4 36. fxg6 hxg6 37. Rxf7 Rxg2 38. Kd1 Rg5 39. Rf4+
Kg3 40. Re4 Kf3 41. Re1 Rh5 42. e6 Rh8 43. Rg1 Kf4 44. Rxg6 Kf5 45. Rg2 Kxe6
46. Rg6+ Kd5 47. Rxa6 Rh2 48. Ra4 Rg2 49. Kc1 Rf2 50. Kb1 Re2 51. Ra6 Kd4 52.
Ra4+ Kd5 53. Rc4 Kc6 54. Rc2 Re4 55. a4 Kb6 56. Kb2 Re3 57. Rc4 Rf3 58. Rg4 Kc6
59. Rg6+ Kb7 60. a5 Ka7 61. Rc6 Rf5 62. Kc3 Kb7 63. Rb6+ Kc7 64. Kc4 Rf4+ 65.
Kxc5 Rf5+ 66. Kb4 Rf4+ 67. Kb5 1-0

[Event "II Open La Meridiana"]
[Site "Perugia"]
[Date "2012.11.11"]
[Round "4"]
[White "Anasetti, Alberto"]
[Black "Cangiano, Federico"]
[Result "1/2-1/2"]
[WhiteElo "1781"]
[BlackElo "1898"]
[PlyCount "37"]
[EventDate "2012.11.09"]
[EventType "swiss"]
[EventCountry "ITA"]
[SourceDate "2005.09.12"]

1. e4 e6 2. d4 d5 3. exd5 exd5 4. c4 Bb4+ 5. Nc3 Be6 6. Qb3 Nc6 7. Be3 Nf6 8.
a3 Bxc3+ 9. bxc3 Na5 10. Qa4+ c6 11. cxd5 Qxd5 12. Rc1 Nc4 13. Bxc4 Qxc4 14.
Qxc4 Bxc4 15. Nf3 Ng4 16. Ne5 Nxe5 17. dxe5 O-O 18. f4 Rfd8 19. Kf2 1/2-1/2

[Event "II Open La Meridiana"]
[Site "Perugia"]
[Date "2012.11.11"]
[Round "4"]
[White "Donati, Michele"]
[Black "Bighiu, Gheorghe"]
[Result "0-1"]
[WhiteElo "1774"]
[BlackElo "1991"]
[PlyCount "108"]
[EventDate "2012.11.09"]
[EventType "swiss"]
[EventCountry "ITA"]
[SourceDate "2005.09.12"]

1. c4 c6 2. Nf3 d5 3. b3 e6 4. Bb2 Nf6 5. g3 Nbd7 6. Bg2 Bd6 7. d4 O-O 8. O-O
b6 9. Nbd2 Bb7 10. Ne5 Qc7 11. Ndf3 c5 12. Rc1 Bxe5 13. Nxe5 dxc4 14. Nxd7 Qxd7
15. dxc5 Bxg2 16. Qxd7 Nxd7 17. Kxg2 cxb3 18. cxb6 axb6 19. axb3 Ra2 20. Bd4
Rxe2 21. Rc7 Rd2 22. Be3 Rd6 23. Rfc1 h6 24. Rb7 Rd8 25. Rcc7 Kh7 26. b4 Kg6
27. b5 Kf6 28. Rc6 Ne5 29. Rcxb6 Nc4 30. Rxd6 Nxe3+ 31. fxe3 Rxd6 32. Kf3 g5
33. b6 Rd2 34. h3 Kg6 35. Rb8 Rb2 36. b7 Kf6 37. Ke4 Rb4+ 38. Kd3 Ke5 39. Kc3
Rb1 40. Kd3 f5 41. Rh8 Rxb7 42. Rxh6 Rb3+ 43. Ke2 g4 44. h4 Rb2+ 45. Kf1 Kd5
46. h5 e5 47. Ra6 Ke4 48. h6 Kf3 49. Ra1 Rh2 50. Kg1 Rxh6 51. Ra5 Re6 52. Ra3
e4 53. Rb3 Kxg3 54. Rc3 Rd6 0-1

[Event "II Open La Meridiana"]
[Site "Perugia"]
[Date "2012.11.11"]
[Round "4"]
[White "Marsili, Riccardo"]
[Black "Cicioni, Luigi"]
[Result "1-0"]
[WhiteElo "2074"]
[BlackElo "1823"]
[PlyCount "79"]
[EventDate "2012.11.09"]
[EventType "swiss"]
[EventCountry "ITA"]
[SourceDate "2005.09.12"]

1. c4 e5 2. g3 Nf6 3. Bg2 d5 4. cxd5 Nxd5 5. Nc3 Nb6 6. Nf3 Nc6 7. O-O Be7 8.
d3 O-O 9. Be3 Be6 10. Ne4 Nd5 11. Bc5 h6 12. Rc1 f5 13. Bxe7 Qxe7 14. Nc5 Bf7
15. Nxb7 Rab8 16. Nc5 Rb5 17. Na4 Ncb4 18. a3 Na2 19. Ra1 Nf6 20. b4 e4 21. Nd4
Rd5 22. Nb3 Qe8 23. Nac5 Rxc5 24. Nxc5 Nc3 25. Qc2 Nfd5 26. dxe4 fxe4 27. Nxe4
Qe5 28. Nxc3 Nxc3 29. Bf3 Rd8 30. Rac1 Nb5 31. Qc5 Qxc5 32. Rxc5 a6 33. a4 Nd4
34. Rxc7 Nxf3+ 35. exf3 Rd4 36. b5 axb5 37. axb5 Rb4 38. Rd1 Bc4 39. Rxc4 Rxc4
40. Rb1 1-0

[Event "II Open La Meridiana"]
[Site "Perugia"]
[Date "2012.11.11"]
[Round "4"]
[White "Procacci, Sergio"]
[Black "Calandri, Fausto"]
[Result "1/2-1/2"]
[WhiteElo "2015"]
[BlackElo "2113"]
[PlyCount "59"]
[EventDate "2012.11.09"]
[EventType "swiss"]
[EventCountry "ITA"]
[SourceDate "2005.09.12"]

1. Nf3 Nf6 2. g3 b6 3. Bg2 Bb7 4. O-O e6 5. b3 Be7 6. Bb2 O-O 7. c4 c5 8. Nc3
d6 9. e3 Nc6 10. d4 cxd4 11. Nxd4 Qc8 12. Qf3 d5 13. Nxc6 Bxc6 14. cxd5 exd5
15. Rfd1 Rd8 16. Ne2 Bd7 17. Rac1 Qa6 18. Bxf6 Bxf6 19. Rd2 Be6 20. Nf4 Rac8
21. Rxc8 Qxc8 22. Qd1 Bg4 23. f3 Be6 24. Rc2 Qd7 25. Rd2 Qc8 26. h4 Qc5 27. Kh2
Qxe3 28. Nxd5 Bxd5 29. Rxd5 Qe7 30. Rxd8+ 1/2-1/2

[Event "II Open La Meridiana"]
[Site "Perugia"]
[Date "2012.11.11"]
[Round "4"]
[White "Rybytskyi, Stepan"]
[Black "Sperandio, Andrea"]
[Result "1-0"]
[WhiteElo "1710"]
[BlackElo "1859"]
[PlyCount "83"]
[EventDate "2012.11.09"]
[EventType "swiss"]
[EventCountry "ITA"]
[SourceDate "2005.09.12"]

1. e4 c5 2. Bc4 e6 3. Nf3 Nc6 4. d4 cxd4 5. Nxd4 Nf6 6. Nxc6 bxc6 7. Nc3 Bb4 8.
Qf3 Bxc3+ 9. bxc3 Qa5 10. O-O d5 11. exd5 cxd5 12. Bb3 Ne4 13. c4 Bb7 14. cxd5
Bxd5 15. Qe3 O-O 16. Bb2 Rfd8 17. Qd4 Nf6 18. Qf4 Bxb3 19. axb3 Qd2 20. Qxd2
Rxd2 21. Bxf6 gxf6 22. c4 Rb2 23. Rfb1 Rxb1+ 24. Rxb1 Rc8 25. Kf1 Kf8 26. Ke2
Ke7 27. Kd3 e5 28. Kc3 f5 29. Ra1 Rc7 30. b4 f4 31. f3 f5 32. Ra6 e4 33. Rh6
Kd8 34. Rd6+ Ke7 35. Rd4 e3 36. Kd3 Kf6 37. Rxf4 Re7 38. Ke2 Kg5 39. g3 h5 40.
h4+ Kg6 41. g4 hxg4 42. fxg4 1-0

[Event "II Open La Meridiana"]
[Site "Perugia"]
[Date "2012.11.11"]
[Round "4"]
[White "Tortolini, Francesco"]
[Black "Gorietti, Stefano"]
[Result "1/2-1/2"]
[WhiteElo "1912"]
[BlackElo "1823"]
[PlyCount "45"]
[EventDate "2012.11.09"]
[EventType "swiss"]
[EventCountry "ITA"]
[SourceDate "2005.09.12"]

1. e4 c5 2. Nf3 d6 3. d4 cxd4 4. Nxd4 Nf6 5. Nc3 g6 6. Be3 Bg7 7. f3 O-O 8. Qd2
Nc6 9. O-O-O Nxd4 10. Bxd4 Qa5 11. g4 Be6 12. h4 Rac8 13. Kb1 Rxc3 14. Qxc3
Qxa2+ 15. Kc1 Bxg4 16. fxg4 Qa1+ 17. Kd2 Nxe4+ 18. Ke1 Qxd1+ 19. Kxd1 Nxc3+ 20.
Bxc3 Bxc3 21. bxc3 Rc8 22. Kd2 h6 23. Bd3 1/2-1/2

[Event "II Open La Meridiana"]
[Site "Perugia"]
[Date "2012.11.11"]
[Round "5"]
[White "Balducci, Alessandro"]
[Black "Cuppone, Damiano"]
[Result "1/2-1/2"]
[WhiteElo "1830"]
[BlackElo "1941"]
[PlyCount "81"]
[EventDate "2012.11.09"]
[EventType "swiss"]
[EventCountry "ITA"]
[SourceDate "2005.09.12"]

1. f4 c5 2. Nf3 g6 3. e3 Bg7 4. Be2 Nc6 5. Nc3 e6 6. b3 Nge7 7. Bb2 d6 8. Na4
O-O 9. Bxg7 Kxg7 10. c4 e5 11. fxe5 dxe5 12. Nxc5 b6 13. Na4 e4 14. Ng5 f5 15.
Qc2 Ne5 16. Qc3 N7c6 17. Nh3 g5 18. O-O-O Kg8 19. d4 exd3 20. Bxd3 Qe7 21. Rhf1
Nb4 22. Bb1 Bb7 23. Nxg5 Qxg5 24. Qxe5 Rae8 25. Qf4 Qe7 26. Nc3 Qxe3+ 27. Qxe3
Rxe3 28. Kb2 f4 29. Rd7 Bxg2 30. Rf2 f3 31. Bxh7+ Kh8 32. Rxa7 Nc6 33. Rb7 Ne5
34. Bc2 Ng4 35. Nd1 Re6 36. Rd2 f2 37. Rh7+ Kg8 38. Rdd7 Rf4 39. Rdg7+ Kf8 40.
Nxf2 Rxf2 41. Rd7 1/2-1/2

[Event "II Open La Meridiana"]
[Site "Perugia"]
[Date "2012.11.11"]
[Round "5"]
[White "Bighiu, Gheorghe"]
[Black "Vannelli, Vittorio"]
[Result "1-0"]
[WhiteElo "1991"]
[BlackElo "1824"]
[PlyCount "37"]
[EventDate "2012.11.09"]
[EventType "swiss"]
[EventCountry "ITA"]
[SourceDate "2005.09.12"]

1. h3 c5 2. c3 d5 3. d4 cxd4 4. cxd4 Nc6 5. Nf3 Nf6 6. Nc3 Bf5 7. g4 Be4 8. Bg2
e6 9. O-O h5 10. g5 Bxf3 11. Bxf3 Nd7 12. Bf4 Be7 13. h4 f6 14. e4 dxe4 15.
Bxh5+ Kf8 16. Nxe4 g6 17. Bxg6 Rxh4 18. Bg3 Rxe4 19. Qh5 1-0

[Event "II Open La Meridiana"]
[Site "Perugia"]
[Date "2012.11.11"]
[Round "5"]
[White "Calandri, Fausto"]
[Black "Bruno, Fabio"]
[Result "0-1"]
[WhiteElo "2113"]
[BlackElo "2424"]
[PlyCount "60"]
[EventDate "2012.11.09"]
[EventType "swiss"]
[EventCountry "ITA"]
[SourceDate "2005.09.12"]

1. e4 c5 2. Nf3 e6 3. c3 Nf6 4. e5 Nd5 5. d4 cxd4 6. cxd4 d6 7. Bd3 Nb4 8. Be2
dxe5 9. dxe5 Qxd1+ 10. Kxd1 Be7 11. a3 Nd5 12. Bd3 Nd7 13. Ke2 O-O 14. Bd2 Nc5
15. Bc4 Nb6 16. Ba2 Bd7 17. Nc3 Nba4 18. b4 Nxc3+ 19. Bxc3 Bb5+ 20. Ke3 Na4 21.
Bd4 Rfd8 22. Bb1 Rd7 23. Be4 Rad8 24. Rhc1 f5 25. exf6 gxf6 26. Ra2 Kf7 27.
Rac2 h5 28. Rc7 Bf8 29. Rxd7+ Rxd7 30. Rc8 Bh6+ 0-1

[Event "II Open La Meridiana"]
[Site "Perugia"]
[Date "2012.11.11"]
[Round "5"]
[White "Gorietti, Stefano"]
[Black "Procacci, Sergio"]
[Result "0-1"]
[WhiteElo "1823"]
[BlackElo "2015"]
[PlyCount "88"]
[EventDate "2012.11.09"]
[EventType "swiss"]
[EventCountry "ITA"]
[SourceDate "2005.09.12"]

1. e4 d6 2. d4 Nf6 3. Nc3 g6 4. Be3 c6 5. f3 Qa5 6. Qd2 Nbd7 7. g4 b5 8. g5 Nh5
9. Bd3 Bg7 10. Nge2 Nb6 11. Nd1 Qa6 12. Nf2 Nc4 13. Bxc4 bxc4 14. O-O Rb8 15.
c3 Bd7 16. b4 d5 17. a4 Qc8 18. Nf4 Nxf4 19. Bxf4 Rb7 20. Qe3 O-O 21. a5 a6 22.
Kg2 Be6 23. Rh1 Qd7 24. h4 Re8 25. Rh2 c5 26. bxc5 Rb2 27. Rhh1 Qb7 28. Qc1
dxe4 29. Rb1 exf3+ 30. Kg3 Rb3 31. Re1 Bf5 32. Rxb3 cxb3 33. Qb2 Qd5 34. c6
Qxc6 35. Qxb3 Qa8 36. Qb4 e6 37. Re3 Rc8 38. Be5 Bxe5+ 39. dxe5 Qd5 40. Ng4
Bxg4 41. Qxg4 f2 42. Kxf2 Rc4 43. Qg3 Qd2+ 44. Re2 Rf4+ 0-1

[Event "II Open La Meridiana"]
[Site "Perugia"]
[Date "2012.11.11"]
[Round "5"]
[White "Naumkin, Igor"]
[Black "Rybytskyi, Stepan"]
[Result "1-0"]
[WhiteElo "2501"]
[BlackElo "1710"]
[PlyCount "63"]
[EventDate "2012.11.09"]
[EventType "swiss"]
[EventCountry "ITA"]
[SourceDate "2005.09.12"]

1. d4 d5 2. c4 e6 3. Nf3 Nf6 4. Nc3 Nc6 5. Bg5 dxc4 6. e4 Be7 7. Bxc4 O-O 8.
O-O Re8 9. a3 a6 10. Rc1 b5 11. Ba2 Bb7 12. Bxf6 Bxf6 13. e5 Bg5 14. Rc2 b4 15.
Ne4 Be7 16. d5 exd5 17. Bxd5 Na5 18. Rd2 Qc8 19. Neg5 bxa3 20. Bxf7+ Kh8 21.
Qc2 g6 22. Bxe8 Qxe8 23. Qxc7 Bxf3 24. Nxf3 Nc6 25. bxa3 Rc8 26. Qb6 Bxa3 27.
Qxa6 Be7 28. h3 Bb4 29. Rc2 Ne7 30. Rxc8 Qxc8 31. Qxc8+ Nxc8 32. Rb1 1-0

[Event "II Open La Meridiana"]
[Site "Perugia"]
[Date "2012.11.11"]
[Round "5"]
[White "Tanasa, Remus"]
[Black "Pastore, Cosmas"]
[Result "1-0"]
[WhiteElo "2037"]
[BlackElo "1835"]
[PlyCount "101"]
[EventDate "2012.11.09"]
[EventType "swiss"]
[EventCountry "ITA"]
[SourceDate "2005.09.12"]

1. c4 c6 2. Nf3 Nf6 3. b3 d5 4. Bb2 Bg4 5. Ne5 Bh5 6. g3 e6 7. Bg2 Nbd7 8. O-O
Nxe5 9. Bxe5 Bd6 10. Bb2 O-O 11. d3 Re8 12. Nc3 Rc8 13. Qd2 Be7 14. f4 dxc4 15.
bxc4 Bc5+ 16. Kh1 Ng4 17. Nd1 Bd4 18. h3 Bxb2 19. Qxb2 Nf6 20. Bf3 Bxf3+ 21.
Rxf3 b6 22. Nf2 c5 23. e4 Nd7 24. e5 Nb8 25. Ne4 Nc6 26. Nd6 Nd4 27. Rff1 Nf5
28. Nxf5 exf5 29. Rad1 Qd4 30. Qxd4 cxd4 31. Kg2 Re6 32. g4 fxg4 33. hxg4 f6
34. exf6 Rxf6 35. Rde1 b5 36. cxb5 Rc2+ 37. Rf2 Rxf2+ 38. Kxf2 Rxf4+ 39. Kg3
Rf8 40. Re7 Ra8 41. Kf4 Kf8 42. Rb7 h6 43. Ke4 Re8+ 44. Kxd4 Rd8+ 45. Ke4 Re8+
46. Kf4 g5+ 47. Kf5 Rd8 48. Rxa7 Rd5+ 49. Kf6 Rd6+ 50. Ke5 Rxd3 51. b6 1-0

[Event "II Open La Meridiana"]
[Site "Perugia"]
[Date "2012.11.11"]
[Round "5"]
[White "Tortolini, Francesco"]
[Black "Anasetti, Alberto"]
[Result "1-0"]
[WhiteElo "1912"]
[BlackElo "1781"]
[PlyCount "45"]
[EventDate "2012.11.09"]
[EventType "swiss"]
[EventCountry "ITA"]
[SourceDate "2005.09.12"]

1. e4 g6 2. d4 Bg7 3. Nf3 d6 4. Be2 Nd7 5. Nc3 e6 6. O-O Ne7 7. Be3 O-O 8. Qd2
Re8 9. h3 e5 10. Bg5 f6 11. Bh6 Bh8 12. dxe5 Nb6 13. exd6 Qxd6 14. Qxd6 cxd6
15. Rad1 Rd8 16. Nb5 f5 17. e5 d5 18. Bg5 Kf8 19. c4 a6 20. Nc7 d4 21. Nxa8
Nxa8 22. Nxd4 Bxe5 23. Ne6+ 1-0

[Event "II Open La Meridiana"]
[Site "Perugia"]
[Date "2012.11.11"]
[Round "5"]
[White "Trasciatti, Mirko"]
[Black "Marsili, Riccardo"]
[Result "1/2-1/2"]
[WhiteElo "1978"]
[BlackElo "2074"]
[PlyCount "59"]
[EventDate "2012.11.09"]
[EventType "swiss"]
[EventCountry "ITA"]
[SourceDate "2005.09.12"]

1. f4 c5 2. e3 g6 3. Nf3 Bg7 4. d4 Nf6 5. Be2 O-O 6. O-O b6 7. c3 Bb7 8. Qc2 d6
9. Bd2 Nbd7 10. Na3 a6 11. Rad1 Qc7 12. c4 cxd4 13. exd4 Rac8 14. Bd3 Ng4 15.
Be4 d5 16. cxd5 Qxc2 17. Nxc2 Ndf6 18. Bd3 Nxd5 19. h3 Rxc2 20. Bxc2 Nge3 21.
Be4 Nxf1 22. Rxf1 Rd8 23. Rc1 Ba8 24. Kf1 Bh6 25. g3 Bg7 26. Ne5 a5 27. a3 h6
28. h4 Bf6 29. Bxd5 Bxd5 30. Be3 1/2-1/2

[Event "Trophee Ernst & Young 2007"]
[Site "Neuilly"]
[Date "2007.03.11"]
[Round "1"]
[White "Vachier Lagrave, Maxime"]
[Black "Uni. Paris 5"]
[Result "1-0"]
[WhiteElo "2573"]
[BlackElo "1920"]
[PlyCount "71"]
[EventDate "2007.??.??"]
[EventType "simul"]
[EventRounds "8"]
[EventCountry "FRA"]
[SourceDate "2005.09.12"]

1. e4 c5 2. Nf3 d6 3. d4 cxd4 4. Nxd4 Nf6 5. Nc3 a6 6. g3 e6 7. Bg2 Be7 8. O-O
O-O 9. h3 Nbd7 10. Be3 Rb8 11. g4 Qc7 12. g5 Ne8 13. f4 Nb6 14. Bf2 Nd7 15. h4
b5 16. Nce2 Bb7 17. Ng3 Rc8 18. f5 e5 19. f6 gxf6 20. Ndf5 Qd8 21. Be3 Kh8 22.
Nxe7 Qxe7 23. Nf5 Qd8 24. c3 Rc4 25. Qg4 Bc8 26. Rad1 fxg5 27. Bxg5 Ndf6 28.
Qe2 Bxf5 29. Rxf5 Qb6+ 30. Kh1 Nd7 31. Be7 Rg8 32. Rxf7 d5 33. Bg5 Ndf6 34. Rf1
Nxe4 35. Rxh7+ Kxh7 36. Qh5+ 1-0

[Event "Trophee Ernst & Young 2007"]
[Site "Neuilly"]
[Date "2007.03.11"]
[Round "1"]
[White "Vachier Lagrave, Maxime"]
[Black "Polytech. Lille 2"]
[Result "1-0"]
[WhiteElo "2573"]
[BlackElo "1900"]
[PlyCount "88"]
[EventDate "2007.??.??"]
[EventType "simul"]
[EventRounds "8"]
[EventCountry "FRA"]
[SourceDate "2005.09.12"]

1. e4 d5 2. exd5 Qxd5 3. Nc3 Qa5 4. d4 Nf6 5. Nf3 Nc6 6. Bd2 Bg4 7. Bb5 O-O-O
8. Bxc6 bxc6 9. h3 Qh5 10. Qe2 Kb7 11. O-O-O Bxf3 12. gxf3 e6 13. Rhg1 h6 14.
Bf4 Nd5 15. Nxd5 Qxd5 16. c4 Qa5 17. Kb1 Qf5+ 18. Qe4 Qxe4+ 19. fxe4 g6 20. Rg3
Bd6 21. Rb3+ Ka8 22. Be3 Rb8 23. Rbd3 Rb4 24. c5 Be7 25. a3 Rb7 26. Kc2 f5 27.
f3 g5 28. exf5 exf5 29. d5 cxd5 30. Rxd5 f4 31. Bf2 c6 32. Rd7 Bf6 33. Rxb7
Kxb7 34. Rd7+ Kb8 35. Rd6 Re8 36. Rxf6 Re2+ 37. Kd3 Rxf2 38. Ke4 Rxb2 39. Rxh6
Rb3 40. Rxc6 Re3+ 41. Kd5 Rxf3 42. Rf6 Rxa3 43. Kd6 Ra6+ 44. c6 Rxc6+ 1-0

[Event "Trophee Ernst & Young 2007"]
[Site "Neuilly"]
[Date "2007.03.11"]
[Round "1"]
[White "Vachier Lagrave, Maxime"]
[Black "Centrale Nantes"]
[Result "1/2-1/2"]
[WhiteElo "2573"]
[BlackElo "2408"]
[PlyCount "67"]
[EventDate "2007.??.??"]
[EventType "simul"]
[EventRounds "8"]
[EventCountry "FRA"]
[SourceDate "2005.09.12"]

1. e4 c5 2. Nf3 d6 3. d4 cxd4 4. Nxd4 Nf6 5. Nc3 Nc6 6. Bg5 e6 7. Qd2 a6 8.
O-O-O Bd7 9. f4 h6 10. Bxf6 gxf6 11. Nb3 Qc7 12. f5 O-O-O 13. Qf2 Be7 14. Be2
Ne5 15. Bh5 Kb8 16. Nd4 Qc5 17. Rhf1 Bc8 18. Nce2 d5 19. exd5 Qxd5 20. Nc3 Qa5
21. Nb3 Qc7 22. Kb1 Rxd1+ 23. Rxd1 Rg8 24. fxe6 fxe6 25. g3 f5 26. Re1 Bb4 27.
Qf4 Bxc3 28. bxc3 Ng4 29. Qxc7+ Kxc7 30. Bf7 Rg7 31. Bxe6 Nxh2 32. Bxc8 Kxc8
33. Nd4 Rxg3 34. Nxf5 1/2-1/2

[Event "Trophee Ernst & Young 2007"]
[Site "Neuilly"]
[Date "2007.03.11"]
[Round "1"]
[White "Vachier Lagrave, Maxime"]
[Black "Centrale Paris"]
[Result "1-0"]
[WhiteElo "2573"]
[BlackElo "2100"]
[PlyCount "45"]
[EventDate "2007.??.??"]
[EventType "simul"]
[EventRounds "8"]
[EventCountry "FRA"]
[SourceDate "2005.09.12"]

1. e4 c5 2. Nf3 d6 3. d4 Nf6 4. Nc3 cxd4 5. Nxd4 Nc6 6. Bg5 e6 7. Qd2 a6 8.
O-O-O Bd7 9. f4 Be7 10. Nf3 b5 11. e5 b4 12. exd6 bxc3 13. Qxc3 Bf8 14. Bc4 Ne4
15. Qe3 Nxg5 16. Nxg5 g6 17. Bxe6 fxe6 18. Nxe6 Qf6 19. Nc5+ Kf7 20. Nxd7 Qe6
21. Ne5+ Nxe5 22. fxe5 Bg7 23. Qf3+ 1-0

[Event "Trophee Ernst & Young 2007"]
[Site "Neuilly"]
[Date "2007.03.11"]
[Round "1"]
[White "Vachier Lagrave, Maxime"]
[Black "Sciences Po Paris"]
[Result "1-0"]
[WhiteElo "2573"]
[BlackElo "2236"]
[PlyCount "95"]
[EventDate "2007.??.??"]
[EventType "simul"]
[EventRounds "8"]
[EventCountry "FRA"]
[SourceDate "2005.09.12"]

1. e4 e6 2. d4 d5 3. Nd2 Nf6 4. e5 Nfd7 5. Bd3 c5 6. c3 Nc6 7. Ne2 cxd4 8. cxd4
Qb6 9. Nf3 f6 10. exf6 Nxf6 11. O-O Bd6 12. b3 O-O 13. Bb2 Bd7 14. Ng3 Rae8 15.
Ne5 Re7 16. Kh1 Kh8 17. f4 Be8 18. Bc2 a5 19. a3 Na7 20. a4 Nc6 21. Rc1 Nd8 22.
Bc3 Ba3 23. Rb1 Bb4 24. Bb2 Nf7 25. f5 Nd6 26. fxe6 Rxe6 27. Qe2 Qc7 28. Rbc1
Qe7 29. Nf5 Nxf5 30. Bxf5 Rc6 31. Bc3 Rb6 32. Rf3 Kg8 33. Re3 Bxc3 34. Rexc3
Rc6 35. Qd2 Rxc3 36. Qxc3 g6 37. Bd3 b6 38. h3 Nh5 39. Be2 Nf4 40. Bf3 Qh4 41.
Qe1 Qg5 42. Rc8 Qf5 43. Rc3 Bf7 44. Kh2 Be6 45. Rc6 Bc8 46. Bg4 Qg5 47. Nf3
Nxg2 48. Kxg2 1-0

[Event "Trophee Ernst & Young 2007"]
[Site "Neuilly"]
[Date "2007.03.11"]
[Round "1"]
[White "Vachier Lagrave, Maxime"]
[Black "Uni. Caen"]
[Result "1-0"]
[WhiteElo "2573"]
[BlackElo "2136"]
[PlyCount "69"]
[EventDate "2007.??.??"]
[EventType "simul"]
[EventRounds "8"]
[EventCountry "FRA"]
[SourceDate "2005.09.12"]

1. e4 d5 2. exd5 Nf6 3. d4 Bg4 4. Nf3 Qxd5 5. Nc3 Qh5 6. Be2 Nc6 7. Be3 O-O-O
8. O-O e5 9. d5 e4 10. Ng5 Ne5 11. Bxg4+ Nfxg4 12. h3 Nf3+ 13. Nxf3 Nxe3 14.
fxe3 exf3 15. Qxf3 Qxf3 16. Rxf3 f6 17. e4 Bc5+ 18. Kf1 Rhe8 19. Re1 Re5 20.
Na4 Bf8 21. c4 Rde8 22. Rf4 Bb4 23. Re2 g5 24. Rxf6 Rxe4 25. Rxe4 Rxe4 26. c5
Rd4 27. Rf5 b6 28. c6 Be7 29. Nc3 h5 30. Ke2 a6 31. Rf7 Bd8 32. Rf8 g4 33. Ke3
gxh3 34. Kxd4 hxg2 35. Rg8 1-0

[Event "Trophee Ernst & Young 2007"]
[Site "Neuilly"]
[Date "2007.03.11"]
[Round "1"]
[White "Vachier Lagrave, Maxime"]
[Black "Polytech. Lille I"]
[Result "1-0"]
[WhiteElo "2573"]
[BlackElo "2158"]
[PlyCount "103"]
[EventDate "2007.??.??"]
[EventType "simul"]
[EventRounds "8"]
[EventCountry "FRA"]
[SourceDate "2005.09.12"]

1. e4 c5 2. Nf3 Nc6 3. d4 cxd4 4. Nxd4 Nf6 5. Nc3 e5 6. Ndb5 d6 7. Bg5 a6 8.
Na3 b5 9. Nd5 Be7 10. Bxf6 Bxf6 11. c4 b4 12. Nc2 a5 13. g3 Bg5 14. h4 Bh6 15.
Bh3 O-O 16. Bxc8 Rxc8 17. b3 Ne7 18. Nce3 Bxe3 19. Nxe3 f5 20. exf5 Nxf5 21.
Nxf5 Rxf5 22. Qd5+ Kh8 23. Rd1 Qb6 24. O-O Rf6 25. Kg2 Rcf8 26. f3 h6 27. Rd3
Qa6 28. Rfd1 a4 29. Qb5 Qxb5 30. cxb5 e4 31. fxe4 Rf2+ 32. Kh3 Rxa2 33. bxa4
Rff2 34. Kg4 Rxa4 35. Rb3 Ra3 36. Rdb1 Kh7 37. b6 Ra5 38. b7 h5+ 39. Kh3 Raa2
40. R1b2 Raxb2 41. Rxb2 Rf8 42. Rxb4 Rb8 43. Kg2 Kg6 44. Kf3 Kf7 45. Ke3 g6 46.
Kd4 Ke6 47. Rb6 Kd7 48. Kd5 Kc7 49. Rb1 Kd7 50. Rb2 Kc7 51. Ke6 Re8+ 52. Kf7
1-0

[Event "Trophee Ernst & Young 2007"]
[Site "Neuilly"]
[Date "2007.03.11"]
[Round "1"]
[White "Vachier Lagrave, Maxime"]
[Black "Uni. Bordeaux"]
[Result "1-0"]
[WhiteElo "2573"]
[BlackElo "2300"]
[PlyCount "125"]
[EventDate "2007.??.??"]
[EventType "simul"]
[EventRounds "8"]
[EventCountry "FRA"]
[SourceDate "2005.09.12"]

1. e4 c5 2. Nf3 Nc6 3. d4 cxd4 4. Nxd4 Nf6 5. Nc3 e5 6. Ndb5 d6 7. Nd5 Nxd5 8.
exd5 Nb8 9. c4 a6 10. Nc3 Be7 11. Bd3 O-O 12. O-O f5 13. f3 Bg5 14. Qc2 Bxc1
15. Raxc1 Qg5 16. Qf2 Nd7 17. b4 e4 18. f4 Qe7 19. Be2 h6 20. Qe3 g5 21. g3 Kh7
22. Kh1 gxf4 23. gxf4 Nf6 24. Na4 Bd7 25. Nb6 Rad8 26. c5 dxc5 27. Qxc5 Qf7 28.
a4 Rg8 29. Rc3 Rg7 30. Rg3 Rdg8 31. Rfg1 Rxg3 32. Rxg3 Rxg3 33. hxg3 e3 34. Kg2
Be8 35. Qd4 h5 36. Qe5 Ne4 37. Bd3 e2 38. Bxe4 e1=Q 39. Bxf5+ Qxf5 40. Qxe1
Qc2+ 41. Qf2 Qd3 42. Kh2 Bg6 43. a5 Be4 44. Nd7 Kg7 45. Qb2+ Kg8 46. Nf6+ Kf7
47. Nxe4 Qxe4 48. Qd2 Ke7 49. Kg1 Kd6 50. Kf2 Qh1 51. Qd3 Qh2+ 52. Ke1 Qg1+ 53.
Kd2 Qf2+ 54. Kc3 Qa2 55. Qg6+ Kd7 56. Qe6+ Kd8 57. Qg8+ Kd7 58. Qf7+ Kd8 59.
Kd4 Qd2+ 60. Ke5 Qxb4 61. Qf6+ Kd7 62. Qe6+ Kd8 63. Qd6+ 1-0

[Event "IIX Sud. Sub 20-2013_Absoluto"]
[Site "Asuncion"]
[Date "2013.05.17"]
[Round "1.1"]
[White "Iermito, Sebastian"]
[Black "Quenallata, Luciano"]
[Result "1-0"]
[WhiteElo "2464"]
[BlackElo "2194"]
[PlyCount "135"]
[EventDate "2013.05.17"]
[EventType "swiss"]
[EventCountry "PAR"]
[SourceDate "2005.09.12"]

1. e4 c5 2. Nf3 a6 3. c3 d6 4. d4 cxd4 5. cxd4 g6 6. Bc4 Bg7 7. O-O Nf6 8. Qe2
O-O 9. Nc3 b5 10. Bb3 Nc6 11. e5 Ne8 12. Qe4 Bb7 13. e6 f5 14. Qh4 Nf6 15. Nd5
Na5 16. Nxf6+ Bxf6 17. Ng5 Bxg5 18. Bxg5 Re8 19. Bd1 Be4 20. Re1 Qb6 21. Bxe7
Qb7 22. Bxd6 Rxe6 23. Bb4 Nc4 24. f3 Bd5 25. Rxe6 Bxe6 26. Bb3 Qf7 27. Bxc4
Bxc4 28. b3 Bd5 29. Bd6 Rc8 30. Re1 Re8 31. Rc1 Qe6 32. Be5 Qe7 33. Qh6 Qf8 34.
Qg5 Qe7 35. Qd2 Bf7 36. Rc7 Qd8 37. Qc1 Qh4 38. Kf1 a5 39. Qc6 Qd8 40. Rd7 Qg5
41. Qc3 b4 42. Qc6 a4 43. Rc7 axb3 44. axb3 Qd2 45. Qf6 Qd1+ 46. Kf2 Qd2+ 47.
Kg3 f4+ 48. Bxf4 Qe1+ 49. Kg4 Qe6+ 50. Qxe6 Bxe6+ 51. Kg3 Bxb3 52. Rb7 Bd5 53.
Rxb4 Kg7 54. Be5+ Kf7 55. Rb6 Re6 56. Rb5 Bc6 57. Ra5 g5 58. d5 Rxe5 59. Ra7+
Kf6 60. dxc6 h5 61. h4 Rc5 62. Rc7 Rc3 63. hxg5+ Kxg5 64. Rc8 h4+ 65. Kh2 Kg6
66. c7 Kg7 67. f4 Kh7 68. f5 1-0